00973nab a2200205 4500003001000000005001700010008004100027040001400068041000800082100005800090245004800148260003500196300001300231500034600244650001200590650002600602650001900628650002700647773009300674AR-RoBPED20260507114218.0260507b |||||||| |||| 00| 0 spa d aAR-RoBPED aspa1 aVénica, Melina E.eProfesora en Lengua y Literatura13aLa lectura literaria en el Nivel Superior / aBuenos Aires :bNoveduc,c2023 a24-27 p. aSe comunica una experiencia de lectura desarrollada desde el año 2020 hasta la fecha, con los estudiantes y docentes de las cuatro carreras (dos de formación docente y dos de formación técnica) del Instituto Superior Particular Incorporado N° 4013 "Padre Joaquín Bonaldo", de la ciudad de Avellaneda, en la provincia de Santa Fe.  7aLECTURA 7aFORMACION DE DOCENTES 0aNIVEL SUPERIOR 7aEXPERIENCIA PEDAGOGICA0 020414dBuenos Aires : Noveduc, 1993-tNovedades Educativasw(AR-RoBPED)20414x03283534